| Tag |
First Indicator |
Second Indicator |
Subfields |
| LEADER |
00000cam a2200000 i 4500 |
| 001 |
in00000081502 |
| 005 |
20160122123025.0 |
| 008 |
761228s1920 mou b 00000 eng |
| 010 |
|
|
|a 21027182
|
| 035 |
|
|
|a (OCoLC)02650959
|
| 035 |
|
|
|9 AAH5751AM
|
| 040 |
|
|
|a DLC
|c MOL
|d TXA
|d UtOrBLW
|
| 049 |
|
|
|a TXAM
|v 1 [358197]
|v 2 [358198]
|
| 050 |
|
0 |
|a JK5425 1875
|b .A25
|
| 092 |
|
|
|a 342.7782
|b M678, 1875j
|
| 110 |
1 |
|
|a Missouri.
|b Constitutional Convention
|d (1875)
|
| 245 |
1 |
0 |
|a Journal Missouri Constitutional convention of 1875 /
|c with an historical introduction on constitutions and constitutional conventions in Missouri by Isidor Loeb and a biographical account of the personnel of the convention by Floyd C. Shoemaker, A. M., editors.
|
| 264 |
|
1 |
|a [Jefferson City] :
|b [The Hugh Stephens co., printers],
|c [1920]
|
| 300 |
|
|
|a 2 volumes :
|b folded frontispiece (portraits) tables ;
|c 23 cm.
|
| 336 |
|
|
|a text
|b txt
|2 rdacontent
|
| 337 |
|
|
|a unmediated
|b n
|2 rdamedia
|
| 338 |
|
|
|a volume
|b nc
|2 rdacarrier
|
| 500 |
|
|
|a A Missouri centennial publication by the State historical society of Missouri, Columbia, 1920.
|
| 500 |
|
|
|a "Biographical sketches of the delegates by Buel Leopard": volume I, pages 72-112.
|
| 500 |
|
|
|a "List of members of the Constitutional convention, with residences, districts represented and committees": Volume II, pages 891-902.
|
| 610 |
1 |
0 |
|a Missouri.
|b Constitutional Convention
|d (1875)
|
| 650 |
|
0 |
|a Constitutional history
|z Missouri.
|
| 651 |
|
0 |
|a Missouri
|v Biography.
|
| 710 |
2 |
|
|a State Historical Society of Missouri.
|
| 700 |
1 |
|
|a Loeb, Isidor,
|d 1868-1954.
|
| 700 |
1 |
|
|a Shoemaker, F. C.
|q (Floyd Calvin),
|d 1886-
|
| 700 |
1 |
|
|a Leopard, Buel.
|
| 710 |
2 |
|
|a State Historical Society of Missouri.
|
| 999 |
|
|
|a MARS
|
| 999 |
f |
f |
|s 64d8d71f-d8d2-39fc-bcb0-be01694fbb1d
|i bd2b43e0-60eb-312c-a4f2-820a354406e9
|t 0
|
| 952 |
f |
f |
|p ric
|a Texas A&M University
|b Rellis Campus
|c Joint Library Facility
|d Remote Storage
|t 0
|e JK5425 1875 .A25
|h Library of Congress classification
|i unmediated -- volume
|k v.2
|m A14800790131
|
| 952 |
f |
f |
|p ric
|a Texas A&M University
|b Rellis Campus
|c Joint Library Facility
|d Remote Storage
|t 0
|e JK5425 1875 .A25
|h Library of Congress classification
|i unmediated -- volume
|k v.1
|m A14800790123
|
| 998 |
f |
f |
|a JK5425 1875 .A25
|s v.1-v.2
|t 0
|l Remote Storage
|